| 000 | 00407cam a22001337a 4500 | ||
|---|---|---|---|
| 008 | 180718b xxu||||| |||| 00| 0 eng d | ||
| 082 | _aKx5 Si64p | ||
| 245 |
_aPersonnel management in some Asian countries _cedited by N.K. Singh |
||
| 260 |
_aNew Delhi _bIndian Institute of Public Management _c |
||
| 300 | _a238p. | ||
| 650 | _aManpower - Asia | ||
| 650 | _aPersonnel management - Asia | ||
| 700 | _aSingh, N.K. | ||
| 999 |
_c353335 _d353335 |
||